La Reforma Rural Integral en Colombia

Detalles Bibliográficos
Autor principal: Londoǫ Botero, Roco̕
Otros Autores: Vels̀quez Ospina, Mauricio
Formato: eBook
Lenguaje:español
Publicado: Bogot:̀ Universidad de Los Andes (Colombia), 2022
Materias:
Acceso en línea:Acceso restringido

MARC

LEADER 00000nam a22000007a 4500
005 20221101001649.0
007 cr|||| ||||
008 221101s2022 co |||||s|||| 00||0 spa d
020 |a 978-958-798-314-2 
035 |a 37436 
040 |a vLex 
090 |c 14073  |d 14073 
100 1 |a Londoǫ Botero, Roco̕ 
245 1 2 |a La Reforma Rural Integral en Colombia  |h [Recurso electrn̤ico] /  |c Roco̕ Londoǫ Botero, Mauricio Vels̀quez Ospina 
256 |a Servicio en ln̕ea 
260 |a Bogot:̀  |b Universidad de Los Andes (Colombia),  |c 2022 
300 |a 1 recurso electrn̤ico 
506 1 |a Disponible solo en los productos indicados  |d vLex Global  |d vLex Global (Academic Edition, excluding Law Schools)  |d vLex Global (U.S. Academic Edition, Law Schools)  |d vLex Global (U.S. Academic Edition, excluding Law Schools)  |d vLex Global (Academic Edition, Law Schools) 
650 0 4 |a Historia y geografa̕  |z Colombia 
700 1 |a Vels̀quez Ospina, Mauricio 
740 0 |a vLex Libros (Servicio en ln̕ea) 
856 4 0 |u https://app.vlex.com/#/sources/37436  |z Acceso restringido 
942 |c BOOK 
999 0 |a History and geography